[Event "Internet Section 17-A"]
[Site "Dos Hermanas"]
[Date "2003.03.17"]
[Round "9"]
[White "Grischuk, Alexander"]
[Black "Aronian, Levon"]
[Result "1/2-1/2"]
[WhiteElo "2712"]
[BlackElo "2610"]
[PlyCount "190"]
[EventDate "2003.03.17"]
[EventType "swiss (blitz)"]
[EventRounds "9"]
[EventCountry "ESP"]
[SourceTitle "EXT 2004"]
[Source "ChessBase"]
[SourceDate "2003.11.25"]
[SourceVersion "1"]
[SourceVersionDate "2003.11.25"]
[SourceQuality "1"]

1. e4 e5 2. Nf3 Nc6 3. Bb5 Nf6 4. O-O Nxe4 5. d4 Nd6 6. Bxc6 dxc6 7. dxe5 Nf5
8. Qxd8+ Kxd8 9. Nc3 Ke8 10. h3 Bd7 11. Rd1 Rd8 12. Bf4 Bb4 13. Ne4 Ba5 14. g4
Ne7 15. Bh6 Kf8 16. Nc5 gxh6 17. Nxb7 Rb8 18. Nxa5 Ke8 19. Nb3 h5 20. Nc5 Bc8
21. Rd4 Rxb2 22. Rad1 Kf8 23. c4 hxg4 24. hxg4 Rg8 25. Rd8+ Kg7 26. Rxg8+ Nxg8
27. g5 Bg4 28. Kg2 Ne7 29. Rd3 Ng6 30. Re3 Rc2 31. Re4 Bf5 32. Rd4 Rxa2 33. Nh4
Nxh4+ 34. Rxh4 Ra5 35. Rf4 Rxc5 36. Rxf5 a5 37. f4 a4 38. e6 Rxf5 39. e7 Rxf4
40. e8=Q Rxc4 41. Qe5+ Kg8 42. Qe8+ Kg7 43. Qe5+ Kg8 44. Qxc7 Re4 45. Qb8+ Kg7
46. Qb2+ Kg8 47. Kf3 Re6 48. Qb8+ Kg7 49. Qb2+ Kg8 50. Qb4 Rg6 51. Kf4 h6 52.
gxh6 Rxh6 53. Qxa4 Rg6 54. Qa8+ Kg7 55. Qe8 c5 56. Qe5+ Kg8 57. Qxc5 Re6 58.
Qf5 Rg6 59. Ke5 Kg7 60. Kd5 Re6 61. Qg5+ Rg6 62. Qe7 Re6 63. Qd7 Rg6 64. Ke5
Re6+ 65. Kf4 Rf6+ 66. Ke4 Re6+ 67. Kd3 Rg6 68. Qe7 Re6 69. Qg5+ Rg6 70. Qd8 Re6
71. Kc3 Rg6 72. Kd4 Re6 73. Kd5 Rg6 74. Qa8 Re6 75. Qa1+ Kg8 76. Qg1+ Rg6 77.
Qd4 Re6 78. Kc5 Rg6 79. Kb5 Re6 80. Qg4+ Rg6 81. Qc8+ Kg7 82. Qc3+ Kg8 83. Ka5
Re6 84. Qd4 Rg6 85. Qe5 Re6 86. Qg5+ Rg6 87. Qe7 Re6 88. Qd7 Rg6 89. Qe8+ Kg7
90. Kb5 Re6 91. Qd8 Rg6 92. Kc5 Re6 93. Kd5 Rg6 94. Ke5 Re6+ 95. Kf5 Rg6
1/2-1/2

[Event "Internet Section 17-B"]
[Site "Dos Hermanas"]
[Date "2003.03.17"]
[Round "2"]
[White "Asanov, Timur"]
[Black "Grischuk, Alexander"]
[Result "0-1"]
[WhiteElo "2416"]
[BlackElo "2712"]
[PlyCount "76"]
[EventDate "2003.03.17"]
[EventType "swiss (blitz)"]
[EventRounds "9"]
[EventCountry "ESP"]
[SourceTitle "EXT 2004"]
[Source "ChessBase"]
[SourceDate "2003.11.25"]
[SourceVersion "1"]
[SourceVersionDate "2003.11.25"]
[SourceQuality "1"]

1. c4 Nf6 2. Nc3 e5 3. g3 Bb4 4. Bg2 O-O 5. e4 Bxc3 6. bxc3 c6 7. Ba3 Re8 8.
Qb3 Na6 9. d3 d5 10. cxd5 cxd5 11. exd5 e4 12. O-O-O Bf5 13. d4 Nxd5 14. Bb2
Rb8 15. Ne2 b5 16. Nf4 Nac7 17. Rhe1 Nxf4 18. gxf4 Nd5 19. Qc2 Qc7 20. Kb1 Qxf4
21. Ka1 h6 22. Qb3 Qd6 23. f3 e3 24. Bf1 Nf4 25. Ba3 Qg6 26. Qb2 Bd3 27. Bd6
Qxd6 28. Bxd3 a6 29. Be4 e2 30. Rc1 Red8 31. Rg1 b4 32. Rg4 bxc3 33. Qxc3 h5
34. Rg5 Qxd4 35. Qxd4 Rxd4 36. Rgc5 g6 37. Re1 Ng2 38. Rec1 Rd1 0-1

[Event "Internet Section 17-B"]
[Site "Dos Hermanas"]
[Date "2003.03.17"]
[Round "3"]
[White "Grischuk, Alexander"]
[Black "Vukanovic, Sasa"]
[Result "1-0"]
[WhiteElo "2712"]
[BlackElo "2348"]
[PlyCount "83"]
[EventDate "2003.03.17"]
[EventType "swiss (blitz)"]
[EventRounds "9"]
[EventCountry "ESP"]
[SourceTitle "EXT 2004"]
[Source "ChessBase"]
[SourceDate "2003.11.25"]
[SourceVersion "1"]
[SourceVersionDate "2003.11.25"]
[SourceQuality "1"]

1. e4 Nf6 2. e5 Nd5 3. d4 d6 4. Nf3 Bg4 5. Be2 e6 6. O-O Be7 7. c4 Nb6 8. Nc3
O-O 9. Be3 d5 10. c5 Bxf3 11. gxf3 Nc8 12. f4 Nc6 13. Kh1 f5 14. b4 a6 15. Rb1
N8a7 16. a4 a5 17. b5 Nb4 18. Qd2 b6 19. c6 Kh8 20. Rg1 Rg8 21. Rg3 g6 22. Rbg1
Bh4 23. Rh3 Nc8 24. Qd1 Rg7 25. Nb1 Be7 26. Nd2 Bf8 27. Nf3 Ne7 28. Ng5 Ng8 29.
Nxe6 Qe7 30. Nxg7 Bxg7 31. Rxg6 Qf7 32. Rg2 Bf8 33. Qg1 Be7 34. Bh5 Qf8 35. Bg6
h6 36. Bxf5 Qxf5 37. Rxg8+ Rxg8 38. Rxh6+ Qh7 39. Rxh7+ Kxh7 40. Qd1 Rf8 41.
Qh5+ Kg7 42. f5 1-0

[Event "Internet Section 17-B"]
[Site "Dos Hermanas"]
[Date "2003.03.17"]
[Round "4"]
[White "Glek, Igor Vladimirovich"]
[Black "Grischuk, Alexander"]
[Result "1/2-1/2"]
[WhiteElo "2576"]
[BlackElo "2712"]
[PlyCount "124"]
[EventDate "2003.03.17"]
[EventType "swiss (blitz)"]
[EventRounds "9"]
[EventCountry "ESP"]
[SourceTitle "EXT 2004"]
[Source "ChessBase"]
[SourceDate "2003.11.25"]
[SourceVersion "1"]
[SourceVersionDate "2003.11.25"]
[SourceQuality "1"]

1. e4 c5 2. c3 Nf6 3. e5 Nd5 4. d4 cxd4 5. Qxd4 e6 6. Qe4 Nc6 7. Nf3 f5 8. Qe2
b6 9. g3 a5 10. c4 Ba6 11. Bg2 Bb4+ 12. Nbd2 Qc7 13. O-O Nde7 14. Re1 a4 15.
Qd1 b5 16. a3 Ba5 17. c5 O-O 18. b4 axb3 19. Qxb3 Qa7 20. Bb2 Qxc5 21. Rac1 Qb6
22. Red1 Qa7 23. Nb1 Bb6 24. Rd2 Na5 25. Qd1 Rad8 26. Bd4 Nc4 27. Bxb6 Qxb6 28.
Rxd7 Nd5 29. Rxd8 Rxd8 30. Qd4 h6 31. Qxb6 Ndxb6 32. Bf1 Bb7 33. Be2 g5 34. Rd1
Rxd1+ 35. Bxd1 Bxf3 36. Bxf3 Nxe5 37. Be2 Nec4 38. Nc3 Nxa3 39. Nxb5 Nxb5 40.
Bxb5 Kf7 41. Kg2 e5 42. Kf3 Kf6 43. Ba6 Nd5 44. Bc8 e4+ 45. Ke2 Ke5 46. Bb7 f4
47. Ba8 Kd4 48. Bb7 Nc3+ 49. Ke1 e3 50. h4 fxg3 51. fxg3 Ne4 52. hxg5 hxg5 53.
Ke2 Nxg3+ 54. Kf3 Ne4 55. Bxe4 e2 56. Kf2 Kxe4 57. Kxe2 Kf4 58. Kf2 g4 59. Kg2
g3 60. Kg1 Kf3 61. Kf1 g2+ 62. Kg1 Kg3 1/2-1/2

[Event "Internet Section 17-B"]
[Site "Dos Hermanas"]
[Date "2003.03.17"]
[Round "6"]
[White "Solak, Dragan"]
[Black "Grischuk, Alexander"]
[Result "0-1"]
[WhiteElo "2510"]
[BlackElo "2712"]
[PlyCount "108"]
[EventDate "2003.03.17"]
[EventType "swiss (blitz)"]
[EventRounds "9"]
[EventCountry "ESP"]
[SourceTitle "EXT 2004"]
[Source "ChessBase"]
[SourceDate "2003.11.25"]
[SourceVersion "1"]
[SourceVersionDate "2003.11.25"]
[SourceQuality "1"]

1. e4 e5 2. Nf3 Nc6 3. Bb5 a6 4. Bxc6 dxc6 5. Nc3 Qd6 6. d4 exd4 7. Qxd4 Bg4 8.
Be3 Bxf3 9. gxf3 Qxd4 10. Bxd4 Rd8 11. Rd1 f6 12. Be3 Rxd1+ 13. Kxd1 Bb4 14.
Ne2 Ne7 15. Nf4 Kf7 16. Ke2 Bd6 17. h4 Re8 18. h5 f5 19. Kd3 Rd8 20. Ke2 Re8
21. Kd3 Ng8 22. Ne2 Nf6 23. Nc3 Be5 24. exf5 Rd8+ 25. Ke2 Bxc3 26. bxc3 h6 27.
c4 b6 28. c3 c5 29. Bf4 Rd7 30. a4 a5 31. Ke3 Re7+ 32. Kd3 Ne8 33. Bg3 Rd7+ 34.
Ke3 Kf6 35. Ke4 Re7+ 36. Kd5 Kxf5 37. Kc6 Re6+ 38. Kd7 Nd6 39. Bxd6 Rxd6+ 40.
Kxc7 Rf6 41. Rg1 g6 42. hxg6 Rxg6 43. Rxg6 Kxg6 44. Kxb6 h5 45. Kxa5 h4 46. Kb6
h3 47. a5 h2 48. a6 h1=Q 49. Kb7 Qxf3+ 50. Kb8 Qxc3 51. a7 Qxc4 52. a8=Q Qg8+
53. Kb7 Qxa8+ 54. Kxa8 c4 0-1

[Event "Internet Section 17-B"]
[Site "Dos Hermanas"]
[Date "2003.03.17"]
[Round "7"]
[White "Grischuk, Alexander"]
[Black "Khruschiov, Alexey"]
[Result "1-0"]
[WhiteElo "2712"]
[BlackElo "2434"]
[PlyCount "49"]
[EventDate "2003.03.17"]
[EventType "swiss (blitz)"]
[EventRounds "9"]
[EventCountry "ESP"]
[SourceTitle "EXT 2004"]
[Source "ChessBase"]
[SourceDate "2003.11.25"]
[SourceVersion "1"]
[SourceVersionDate "2003.11.25"]
[SourceQuality "1"]

1. e4 e6 2. d4 d5 3. e5 c5 4. c3 Nc6 5. Nf3 Qb6 6. a3 Nh6 7. b4 cxd4 8. cxd4
Nf5 9. Bb2 Bd7 10. g4 Nfe7 11. Nc3 h5 12. Na4 Qd8 13. Nc5 b6 14. Nb7 Qc7 15.
Nd6+ Kd8 16. Nxf7+ Ke8 17. Nd6+ Kd8 18. Ng5 Ng6 19. Ngf7+ Ke7 20. gxh5 Be8 21.
hxg6 Bxf7 22. Nxf7 Rh4 23. Rc1 Re4+ 24. Be2 Qd7 25. Nd6 1-0

[Event "Internet Section 17-B"]
[Site "Dos Hermanas"]
[Date "2003.03.18"]
[Round "9"]
[White "Grischuk, Alexander"]
[Black "Jaracz, Pawel"]
[Result "1-0"]
[WhiteElo "2712"]
[BlackElo "2546"]
[PlyCount "85"]
[EventDate "2003.03.17"]
[EventType "swiss (blitz)"]
[EventRounds "9"]
[EventCountry "ESP"]
[SourceTitle "EXT 2004"]
[Source "ChessBase"]
[SourceDate "2003.11.25"]
[SourceVersion "1"]
[SourceVersionDate "2003.11.25"]
[SourceQuality "1"]

1. e4 d6 2. d4 g6 3. Nc3 c6 4. f4 d5 5. e5 h5 6. Be3 Nh6 7. Nf3 Qb6 8. Na4 Qa5+
9. c3 Bg4 10. Nc5 Nf5 11. Bf2 e6 12. Nb3 Qc7 13. Bd3 Nd7 14. O-O Be7 15. Rc1 b5
16. Nbd2 Nb6 17. h3 Nc4 18. Nxc4 bxc4 19. hxg4 hxg4 20. Bxf5 gxf3 21. Bg4 fxg2
22. Kxg2 Kd7 23. Rh1 Rag8 24. Qe2 Qd8 25. b3 cxb3 26. axb3 Bh4 27. Bxh4 Rxh4
28. Rxh4 Qxh4 29. Rh1 Qd8 30. Qa6 Qb8 31. b4 Rc8 32. Rh7 Ke7 33. Qd3 Rg8 34.
Qa6 Qb6 35. Qxb6 axb6 36. Be2 b5 37. Bd3 Ke8 38. Kg3 Ke7 39. Kg4 Kf8 40. Kg5
Ke7 41. Bc2 Ke8 42. Kf6 Rf8 43. Bd3 1-0

[Event "Dos Hermanas Internet f 4th"]
[Site "ICC INT"]
[Date "2003.03.21"]
[Round "1.1"]
[White "Mamedov, Rauf"]
[Black "Grischuk, Alexander"]
[Result "0-1"]
[WhiteElo "2315"]
[BlackElo "2712"]
[PlyCount "68"]
[EventDate "2003.03.21"]
[EventType "k.o."]
[EventRounds "5"]
[EventCountry "ESP"]
[SourceTitle "CBM 093 Extra"]
[Source "ChessBase"]
[SourceDate "2003.05.09"]
[SourceVersion "1"]
[SourceVersionDate "2003.05.09"]
[SourceQuality "1"]

1. e4 e5 2. Nf3 Nc6 3. d4 exd4 4. Bc4 Bc5 5. Ng5 Nh6 6. Nxf7 Nxf7 7. Bxf7+ Kxf7
8. Qh5+ g6 9. Qxc5 d5 10. e5 Re8 11. O-O Rxe5 12. Bf4 Qe7 13. Qb5 Rf5 14. Bg3
Nb4 15. Nd2 Bd7 16. Qxb7 Bc6 17. Qxc7 Qxc7 18. Bxc7 Rc8 19. c3 Bb5 20. Rfd1 Nc2
21. Rac1 Be2 22. Ba5 Bxd1 23. Rxd1 dxc3 24. bxc3 d4 25. Nb3 dxc3 26. Rd3 Rxa5
27. Nxa5 Nb4 28. Rf3+ Kg7 29. Nb3 c2 30. h3 Nxa2 31. Kh2 Rb8 32. Nc1 Nxc1 33.
Rc3 Rb2 34. Rc7+ Kf6 0-1

[Event "Dos Hermanas Internet f 4th"]
[Site "ICC INT"]
[Date "2003.03.21"]
[Round "1.2"]
[White "Grischuk, Alexander"]
[Black "Mamedov, Rauf"]
[Result "1-0"]
[WhiteElo "2712"]
[BlackElo "2315"]
[PlyCount "107"]
[EventDate "2003.03.21"]
[EventType "k.o."]
[EventRounds "5"]
[EventCountry "ESP"]
[SourceTitle "CBM 093 Extra"]
[Source "ChessBase"]
[SourceDate "2003.05.09"]
[SourceVersion "1"]
[SourceVersionDate "2003.05.09"]
[SourceQuality "1"]

1. e4 c5 2. c3 d6 3. d4 cxd4 4. cxd4 Nf6 5. Nc3 g6 6. Nf3 Bg7 7. h3 O-O 8. Bd3
Nc6 9. O-O e5 10. Be3 exd4 11. Nxd4 Ng4 12. hxg4 Nxd4 13. Be2 Nxe2+ 14. Qxe2
Qh4 15. g5 Re8 16. Rfd1 Be5 17. f3 Qh2+ 18. Kf1 Qh1+ 19. Kf2 Qh4+ 20. Kg1 Be6
21. Nd5 Qh2+ 22. Kf1 Rac8 23. Qf2 Bxd5 24. Rxd5 Bg3 25. Qe2 Rc6 26. Rad1 Rec8
27. R5d3 b6 28. a3 Qh1+ 29. Bg1 Rc2 30. R3d2 R2c5 31. Qe3 Rc2 32. Qe2 R2c6 33.
Qe3 Qh4 34. Bf2 Bxf2 35. Qxf2 Qxg5 36. Qd4 Qh4 37. Qf2 Qg5 38. Qd4 Qe7 39. Kg1
h5 40. b4 Rc3 41. Qxd6 Qxd6 42. Rxd6 Rxa3 43. R1d2 Ra4 44. R6d4 Rc1+ 45. Kh2
Rb1 46. Rc2 Rbxb4 47. Rd8+ Kg7 48. Rc7 Rc4 49. Rb7 Rc6 50. Rdd7 Rf6 51. e5 Re6
52. Rxf7+ Kh6 53. f4 g5 54. f5 1-0

[Event "Dos Hermanas Internet f 4th"]
[Site "ICC INT"]
[Date "2003.03.21"]
[Round "2.1"]
[White "Golod, Vitali"]
[Black "Grischuk, Alexander"]
[Result "1/2-1/2"]
[WhiteElo "2532"]
[BlackElo "2712"]
[PlyCount "92"]
[EventDate "2003.03.21"]
[EventType "k.o."]
[EventRounds "5"]
[EventCountry "ESP"]
[SourceTitle "CBM 093 Extra"]
[Source "ChessBase"]
[SourceDate "2003.05.09"]
[SourceVersion "1"]
[SourceVersionDate "2003.05.09"]
[SourceQuality "1"]

1. d4 Nf6 2. c4 e6 3. Nc3 Bb4 4. Qc2 O-O 5. a3 Bxc3+ 6. Qxc3 b6 7. Bg5 Bb7 8.
f3 h6 9. Bh4 d5 10. cxd5 exd5 11. e3 Re8 12. Bf2 c5 13. Bb5 cxd4 14. Qxd4 Nc6
15. Bxc6 Bxc6 16. Ne2 Bb5 17. Nc3 Bc4 18. Bh4 g5 19. Bg3 Qe7 20. Kf2 Qe6 21.
Rhe1 Rad8 22. Kg1 Rd7 23. Rad1 Rde7 24. e4 Qc6 25. e5 Nh5 26. Nxd5 Bxd5 27.
Qxd5 Qxd5 28. Rxd5 f6 29. Bf2 Rxe5 30. Rexe5 Rxe5 31. Rd7 Nf4 32. Rxa7 Re2 33.
b3 Rb2 34. Bxb6 Rxb3 35. Bc7 Rb1+ 36. Kf2 Rb2+ 37. Ke3 Nd5+ 38. Ke4 Nxc7 39.
Rxc7 Rxg2 40. Kf5 Rxh2 41. Kg6 Kf8 42. Rf7+ Ke8 43. Rxf6 Rh4 44. a4 Rxa4 45.
Kxh6 g4 46. fxg4 Rxg4 1/2-1/2

[Event "Dos Hermanas Internet f 4th"]
[Site "ICC INT"]
[Date "2003.03.21"]
[Round "2.2"]
[White "Grischuk, Alexander"]
[Black "Golod, Vitali"]
[Result "0-1"]
[WhiteElo "2712"]
[BlackElo "2532"]
[PlyCount "168"]
[EventDate "2003.03.21"]
[EventType "k.o."]
[EventRounds "5"]
[EventCountry "ESP"]
[SourceTitle "CBM 093 Extra"]
[Source "ChessBase"]
[SourceDate "2003.05.09"]
[SourceVersion "1"]
[SourceVersionDate "2003.05.09"]
[SourceQuality "1"]

1. e4 e5 2. Nf3 Nc6 3. Bb5 a6 4. Ba4 Nf6 5. O-O Be7 6. Re1 b5 7. Bb3 d6 8. c3
O-O 9. d4 Bg4 10. Be3 exd4 11. cxd4 Na5 12. Bc2 c5 13. h3 Bxf3 14. Qxf3 Nc4 15.
dxc5 dxc5 16. Nc3 Nd7 17. Nd5 Bg5 18. Bxg5 Qxg5 19. b3 Na3 20. Bd3 c4 21. bxc4
bxc4 22. Bb1 Qe5 23. Qc3 Rab8 24. f4 Qxc3 25. Nxc3 Nc5 26. e5 Rfd8 27. Be4 Nd3
28. Rf1 Nb5 29. Nd5 Nc5 30. Bf3 Nd4 31. Ne3 c3 32. Rac1 Na4 33. Bg4 Rb2 34.
Rfd1 Rd2 35. Nc4 Rxa2 36. Nd6 Nb3 37. Ne4 Rad2 38. Nxd2 Nxc1 39. Rxc1 cxd2 40.
Ra1 Nc3 41. Rxa6 d1=Q+ 42. Bxd1 Rxd1+ 43. Kf2 g6 44. Rc6 Rd3 45. Kf1 h5 46. e6
fxe6 47. Rxe6 Kf7 48. Re5 Nd5 49. g3 h4 50. Ke2 Rd4 51. gxh4 Nxf4+ 52. Kf3 Nh5
53. Ra5 Rxh4 54. Kg2 Rb4 55. Ra7+ Kf6 56. Ra5 Rb3 57. h4 Nf4+ 58. Kf2 Rh3 59.
Rb5 Rxh4 60. Kg3 g5 61. Rb6+ Kf5 62. Rb5+ Kg6 63. Rb8 Rh1 64. Rg8+ Kf6 65. Rf8+
Kg7 66. Rf5 Kg6 67. Rf8 Rh3+ 68. Kg4 Rh4+ 69. Kg3 Nh5+ 70. Kg2 Rg4+ 71. Kh3 Rf4
72. Rg8+ Ng7 73. Ra8 Rb4 74. Kg3 Ne6 75. Ra6 Kf6 76. Rc6 Kf5 77. Ra6 Rb3+ 78.
Kf2 Nf4 79. Ra5+ Kg4 80. Kg1 Rb2 81. Rc5 Kh4 82. Ra5 g4 83. Ra1 g3 84. Ra4 Rb1#
0-1

[Event "FRA Cup 8eme"]
[Site "Gonfreville"]
[Date "2003.05.04"]
[Round "1"]
[White "Grischuk, Alexander"]
[Black "Gurevich, Mikhail"]
[Result "1/2-1/2"]
[WhiteElo "2701"]
[BlackElo "2634"]
[Annotator "Gurevich,M"]
[PlyCount "113"]
[EventDate "2003.05.04"]
[EventType "team"]
[EventRounds "1"]
[EventCountry "FRA"]
[SourceTitle "CBM 095"]
[Source "ChessBase"]
[SourceDate "2003.07.25"]
[SourceVersion "1"]
[SourceVersionDate "2003.07.25"]
[SourceQuality "1"]
[WhiteTeam "Paris NAO"]
[BlackTeam "Gonfreville"]
[WhiteTeamCountry "FRA"]
[BlackTeamCountry "FRA"]

1. e4 e6 2. d4 d5 3. Nc3 Nf6 4. e5 Nfd7 5. f4 c5 6. Nf3 a6 7. Be3 Qb6 8. a3 Nc6
9. dxc5 Bxc5 10. Na4 Qa5+ 11. b4 Qxa4 12. bxc5 O-O 13. c4 Qa5+ 14. Qd2 Rd8 15.
cxd5 exd5 $5 {TN} (15... Qxd2+ 16. Bxd2 exd5 17. Rc1 Re8 18. Kf2 f6 19. e6 Rxe6
20. Bd3 Re8 21. g4 Nf8 22. Rhg1 Bd7 23. Bb1 Ne6 24. Ba2 Nc7 25. Rb1 Rab8 26. f5
$44 {1/2-1/2 Kasparov,G-Radjabov,T/Moscow 2002/CBM 91 (78)}) 16. Qxa5 Nxa5 17.
Rb1 Nb8 18. Bd3 Nbc6 19. Kf2 Nc4 20. Rb3 N6a5 21. Rc3 Bd7 22. Rb1 Rac8 23. Bd4
Bb5 24. Bc2 (24. e6 fxe6 25. Ng5 g6 26. Nxe6 Re8 27. f5 Nc6 28. a4 Bxa4 29.
Rxb7 Rxe6 30. Rg7+ Kf8 31. fxe6 Nxd4 32. Rxh7 Kg8 $132) 24... Rc7 25. f5 (25.
e6 Nc6 (25... fxe6 26. Ng5 Re7 27. Bxh7+ Kf8 28. Rh3 $36) 26. a4 Nxd4 27. Nxd4
Bc6 28. f5 $36) 25... Nc6 26. a4 Nxd4 27. Nxd4 Bd7 $132 28. e6 Bc8 29. c6 $6 (
29. Re1 fxe6 30. fxe6 Rxc5 31. Bd1 (31. Nf5 Re8 $15) 31... b6 32. Bh5 g6 33.
Bf3 $44) 29... bxc6 30. Rb8 Rf8 $1 $15 31. e7 Rxe7 32. Nxc6 Rc7 33. Nd4 Bd7 34.
Rb6 Ra8 (34... Ra7 35. Rb1 Rc8 36. Bd3 (36. f6 gxf6 37. Rg3+ Kh8 38. Rf3 Nd2
$19) 36... Kf8 $17) 35. f6 $6 $138 (35. Rd6 $142 Nxd6 36. Rxc7 Be8 37. Kf3 (37.
Rc5 Bxa4 38. Rxd5 Bxc2 39. Nxc2 Ne8 $15) 37... Nc4 38. Kf4 $44) 35... Nxb6 36.
Rxc7 Bxa4 37. Bxa4 Nxa4 38. Nf5 Nb6 (38... gxf6 39. Ne7+ Kg7 40. Nxd5 Nb2 $17)
39. fxg7 a5 40. Rb7 (40. Rc3 Re8 41. Rg3 Re6) 40... Nc4 41. h4 (41. Rd7 a4 42.
Rxd5 a3 43. Rd1 a2 44. Ra1 Nd2 45. Nd4 Ra4 $19) 41... a4 42. h5 h6 $17 43. g4
a3 44. g5 hxg5 $6 (44... Nd6 45. Nxd6 a2 46. Nxf7 Kxg7 47. Ne5+ Kf8 48. Ng6+
Ke8 49. Re7+ Kd8 50. Re1 a1=Q 51. Rxa1 Rxa1 52. gxh6 $11) (44... Ne5 45. gxh6
Kh7 46. Rb1 Ng4+ 47. Ke2 Nxh6 $17) 45. h6 Ne5 (45... a2 46. Ne7+ Kh7 47. Ra7
$14) 46. Ne7+ Kh7 47. Ra7 Rd8 48. Kg3 $5 $13 d4 49. Rxa3 d3 50. Ra5 $1 f6 (
50... d2 51. Rd5 Re8 52. Rxd2 Rxe7 53. Rd8 $18) 51. Ra6 d2 52. Rd6 Re8 53.
g8=Q+ Rxg8 54. Nxg8 Kxg8 55. Rxd2 Kh7 56. Rd6 Kxh6 57. Rxf6+ 1/2-1/2

[Event "FRA-chT poule haute"]
[Site "France"]
[Date "2003.05.08"]
[Round "9.3"]
[White "Grischuk, Alexander"]
[Black "Pert, Nicholas"]
[Result "1-0"]
[WhiteElo "2712"]
[BlackElo "2468"]
[Annotator "Psakhis,L"]
[PlyCount "99"]
[EventDate "2003.05.07"]
[EventType "team"]
[EventRounds "4"]
[EventCountry "FRA"]
[SourceTitle "CBM 095"]
[Source "ChessBase"]
[SourceDate "2003.07.25"]
[SourceVersion "1"]
[SourceVersionDate "2003.07.25"]
[SourceQuality "1"]
[WhiteTeam "Paris NAO"]
[BlackTeam "Montpellier"]
[WhiteTeamCountry "FRA"]
[BlackTeamCountry "FRA"]

1. e4 e6 2. d4 d5 3. e5 c5 4. c3 Nc6 5. Nf3 Nge7 6. Na3 cxd4 7. cxd4 Nf5 8. Nc2
Nb4 {Although this reply has proved quite popular, I remain suspicious about
its value.Blck can get bigger hopes for equalization after} (8... Qa5+) (8...
Qb6) (8... Bd7) (8... Be7) 9. Be2 (9. Nxb4 Bxb4+ 10. Bd2 Qa5 11. Bd3 Bxd2+ 12.
Qxd2 Qxd2+ 13. Kxd2 Ne7 14. Rhc1 Bd7 15. b4 Rc8 16. Rxc8+ Bxc8 17. Rc1 h6 18.
Ng1 Kd8 $14 {1-0 Stevic,H-Goric,E/Vukovar Slavonija Swiss 2001/The Week in
Chess 354 (68)}) 9... Nxc2+ 10. Qxc2 Qa5+ (10... Bb4+ 11. Bd2 Bxd2+ 12. Qxd2
$14) 11. Bd2 Bb4 12. a3 Bxd2+ 13. Qxd2 Qxd2+ 14. Kxd2 $14 Bd7 15. b4 $146 (15.
Rac1 Ne7 16. h4 Nc6 17. h5 h6 18. Rh4 O-O 19. b4 Rac8 20. Bd3 $14 {1/2-1/2
Svidler,P-Luther,T/BL 0203 2003/The Week in Chess 427 (39)}) 15... O-O 16. b5
$5 f6 (16... Rac8 17. Rhc1) 17. Rhc1 Rfc8 (17... fxe5 18. dxe5 (18. Nxe5 $143
Be8 {[%csl Rd4]}) 18... Rac8 19. Bd3 $16) 18. Bd3 {This is a very typical
position. Maybe with correct play Black can hold it, but the defence is not
easy at all!} Ne7 19. a4 Rxc1 (19... Be8 20. Re1 $5) 20. Rxc1 Rc8 21. Ra1 $1 {
Surely White must keep rooks on the board} h6 (21... Ng6 22. g3) 22. h4 Rf8 23.
g4 $5 {[%cal Gg4g5]} Kf7 (23... fxe5 24. Nxe5 Be8 25. f3 $16) 24. g5 {Grischuk
plays very energetically} fxg5 (24... fxe5 25. Nxe5+ Ke8 26. Ke3 {also
difficult to recommend to Black}) 25. hxg5 Ke8 26. Ke3 hxg5 (26... Nf5+ 27.
Bxf5 (27. Ke2 $5) 27... Rxf5 28. Rh1 hxg5 29. Rg1 $36) 27. Nxg5 Nf5+ 28. Bxf5
Rxf5 29. Nh3 {[%cal Ga1g1,Gh3f4]} (29. f4 $5) 29... Rh5 30. Nf4 Rh7 31. Rg1 {
Black does not lose quickly, but the pathetic fate of his ligh-coloured bishop
does not allow doubts about the assessment of the position.} Ke7 (31... a6 32.
bxa6 bxa6 33. a5) 32. Nd3 b6 33. Nf4 Ke8 (33... Be8 $5) 34. Kf3 $1 {[%cal
Gf3g4,Gg4g5] White slowly but surely improve his position.} Ke7 35. Kg4 Rh6 36.
Rc1 Kd8 $8 37. Nh3 Be8 38. Ng5 Bh5+ (38... Kd7 $5) 39. Kg3 Be8 (39... Kd7 40.
f3) 40. f4 Rg6 (40... Kd7 41. Rc6 Rg6 42. a5 bxa5 43. Ra6 Kc8 $16) 41. Rh1 Kc7
42. Rh8 Bd7 43. Kg4 $18 {[%cal Gg4h5] Now White has a technically winning
position. Maybe Black could play longer and more stubborn than what Pert did,
but , I am afraid, with the same result.} Rh6 44. Ra8 $5 {It looks that} (44.
Rxh6 gxh6 45. Nf7 Be8 (45... a6 46. Nd6 $18) 46. Nxh6 a6 47. bxa6 Bxa4 48. f5
$18 {was enough for victory, but move in the game even stronger.}) 44... Kb7
45. Rg8 Rg6 46. Rf8 a5 $6 {Final mistake.} (46... Rh6 $142 $5 47. Rf7 Kc8 48.
Rxg7 Rh1) (46... a6 $6 47. Rf7) 47. Rh8 $1 {[%csl Ga4,Gb5][%cal Rg4h5]} Rh6 $8
48. Rxh6 gxh6 49. Nf7 Kc7 (49... Be8 50. Nd6+) 50. Nd6 {[%csl Rd7][%cal Gg4h5,
Gh5h6,Gh6g7]} 1-0